[Event "SERBIA CHESS OPEN 2021 - MASTERS"]
[Site "Belgrade, Hotel Metropol"]
[Date "2021.07.03"]
[Round "3.87"]
[White "Pastar, Slaven"]
[Black "De Boer, Bas"]
[Result "1/2-1/2"]
[WhiteElo "2354"]
[BlackElo "2143"]
[PlyCount "254"]
[EventDate "2021.??.??"]

1. b3 e5 2. Bb2 Nc6 3. Nf3 e4 4. Nd4 Nxd4 5. Bxd4 Nf6 6. c4 Be7 7. Nc3 c5 8.
Bxf6 Bxf6 9. Qc2 Qe7 10. Nd5 Qe5 11. Nxf6+ gxf6 12. Rc1 b6 13. g3 Bb7 14. Bg2
d5 15. cxd5 Bxd5 16. O-O f5 17. e3 O-O 18. Rfd1 Rad8 19. Qc3 Qxc3 20. dxc3 Bb7
21. Kf1 Kg7 22. Ke1 Kf6 23. Bf1 Bc8 24. Rc2 Rxd1+ 25. Kxd1 Rd8+ 26. Kc1 Be6 27.
Kb2 Ke7 28. b4 cxb4 29. cxb4 Rc8 30. Rxc8 Bxc8 31. Kc3 Kd6 32. Kd4 h6 33. a3
Ke6 34. Bc4+ Kf6 35. a4 Bd7 36. a5 Bc8 37. Bd5 Bd7 38. Bb3 Bc6 39. Ba2 Bd7 40.
Bd5 Bc8 41. Bc6 Ke6 42. Bd5+ Kf6 43. Bb3 Bd7 44. Bd1 Be6 45. Be2 Ke7 46. Ke5
f6+ 47. Kd4 Kd6 48. Bh5 Bd7 49. Bf7 Bc8 50. Bg6 Be6 51. Bh5 Bd7 52. f4 exf3 53.
Bxf3 Be6 54. Bg2 Ba2 55. Bh3 Bb1 56. Bf1 Ba2 57. axb6 axb6 58. Bh3 Bb1 59. Kc4
Be4 60. Kb5 Kc7 61. Bf1 Bb1 62. Kc4 Kd6 63. Kd4 Bc2 64. Bc4 Bb1 65. Bg8 Bc2 66.
Bh7 Ba4 67. Bxf5 Bc6 68. Bd3 Bb7 69. Be4 Bc8 70. Bf3 Bf5 71. Bd5 Bc2 72. Bc4
Bg6 73. Ba6 Kc6 74. Bd3 Bf7 75. Bc2 Kb5 76. Kc3 Kc6 77. Bd3 Kd6 78. Kd4 Bd5 79.
Be4 Bf7 80. Bh7 Bd5 81. Bg6 Bc6 82. Bf7 Bf3 83. Bg8 Bc6 84. Bb3 Bf3 85. Ba4 Bd5
86. Bd1 Bc6 87. Bg4 Bd5 88. Bf5 Bc6 89. Be4 Bd7 90. Bf3 Bf5 91. Kc4 Be6+ 92.
Kd4 Bf5 93. Be2 Bg6 94. Bg4 Kc6 95. h3 Kb5 96. Kc3 Kc6 97. Kc4 Kd6 98. Bc8 Be4
99. Kd4 Bd5 100. Ba6 Bg2 101. Bc8 Kc6 102. Bf5 Kb5 103. Kc3 Kc6 104. Bc8 Kc7
105. Bf5 Kc6 106. Kc4 Kd6 107. Kd4 Bd5 108. h4 Bc6 109. Bh7 Bd5 110. Be4 Be6
111. Bc2 Bd5 112. Bd3 Bc6 113. Bc4 Bd7 114. Bd5 Bf5 115. Kc4 Bd7 116. Kd4 Bf5
117. Bf7 Kc6 118. e4 Bg4 119. e5 fxe5+ 120. Kxe5 Kb5 121. h5 Kxb4 122. Kf6 Kc3
123. Be8 Kd4 124. Kg6 Ke3 125. Kxh6 Kf2 126. Kg7 Bxh5 127. Bxh5 Kxg3 1/2-1/2

[Event "SERBIA CHESS OPEN 2021 - MASTERS"]
[Site "Belgrade, Hotel Metropol"]
[Date "2021.07.03"]
[Round "3.103"]
[White "Savicevic, Vlatko"]
[Black "Mehmed, Elif"]
[Result "0-1"]
[WhiteElo "2315"]
[BlackElo "2199"]
[PlyCount "54"]
[EventDate "2021.??.??"]

1. e4 c5 2. Nf3 d6 3. Nc3 Nf6 4. g3 Nc6 5. Bg2 g6 6. O-O Bg7 7. d3 O-O 8. h3
Rb8 9. Bg5 b5 10. a3 a5 11. a4 b4 12. Nb5 Ba6 13. c4 bxc3 14. bxc3 Bxb5 15.
axb5 Rxb5 16. Qa4 Qb6 17. Nd2 Nd7 18. Nc4 Qa6 19. Na3 Rbb8 20. Bxe7 Nxe7 21.
Qxd7 Rb7 22. Qa4 Bxc3 23. Rac1 Bb2 24. Rc4 Rfb8 25. Rd1 Rb3 26. Nc2 Nc6 27. f4
Nd4 0-1

[Event "SERBIA CHESS OPEN 2021 - MASTERS"]
[Site "Belgrade, Hotel Metropol"]
[Date "2021.07.03"]
[Round "3.104"]
[White "Kosmas-Lekkas, Dimitrios"]
[Black "Dimitrov, Vladimir"]
[Result "1-0"]
[WhiteElo "2186"]
[BlackElo "2314"]
[PlyCount "33"]
[EventDate "2021.??.??"]

1. e4 c5 2. Nf3 d6 3. d4 cxd4 4. Nxd4 Nf6 5. Nc3 a6 6. Bc4 e6 7. O-O b5 8. Bb3
Be7 9. f4 Bb7 10. Bxe6 fxe6 11. Nxe6 Qb6+ 12. Kh1 Kd7 13. f5 Qc6 14. Bg5 b4 15.
Bxf6 Bxf6 16. Nd5 Kc8 17. c3 1-0

[Event "SERBIA CHESS OPEN 2021 - MASTERS"]
[Site "Belgrade, Hotel Metropol"]
[Date "2021.07.03"]
[Round "3.105"]
[White "Martic, Ivan"]
[Black "Radisavljevic, Dalibor"]
[Result "0-1"]
[WhiteElo "2314"]
[BlackElo "2186"]
[PlyCount "148"]
[EventDate "2021.??.??"]

1. Nf3 Nf6 2. c4 g6 3. g3 Bg7 4. Bg2 c5 5. O-O O-O 6. Nc3 Nc6 7. d4 cxd4 8.
Nxd4 d6 9. b3 Nxd4 10. Qxd4 Be6 11. Bb2 Nd5 12. Qd2 Nxc3 13. Bxc3 Bxc3 14. Qxc3
Qc7 15. Rac1 Rfc8 16. Rfd1 Rab8 17. Qb2 a5 18. h4 a4 19. Bd5 Bxd5 20. Rxd5 axb3
21. Qxb3 b6 22. Rc3 e6 23. Rdd3 Ra8 24. a3 Ra5 25. Qd1 Rd8 26. Qd2 Rc5 27. Qe3
Rc8 28. Rb3 Qc6 29. Rd1 Re5 30. Rxb6 Rxe3 31. Rxc6 Rxg3+ 32. fxg3 Rxc6 33. Kf2
Ra6 34. Rd3 Kf8 35. Ke3 Ke7 36. Rb3 Ra4 37. Kd3 f5 38. Rc3 Kd7 39. Kc2 Kc6 40.
Kb3 Ra8 41. Re3 e5 42. Rd3 h6 43. Rd5 g5 44. a4 Rg8 45. a5 Rb8+ 46. Ka4 Rb2 47.
Ka3 Rb1 48. Rd3 f4 49. hxg5 hxg5 50. gxf4 exf4 51. Rd5 g4 52. Rg5 g3 53. a6
Ra1+ 54. Kb2 Re1 55. Kc3 Rxe2 56. Rg7 Ra2 57. a7 Kb6 58. Rg4 Rxa7 59. Rxf4 Rg7
60. Rf1 g2 61. Rg1 Kc5 62. Kd3 Rg8 63. Ke3 Kxc4 64. Kf2 d5 65. Rc1+ Kd4 66. Kg1
Ke3 67. Rc3+ Ke4 68. Ra3 d4 69. Ra4 Ke3 70. Ra7 d3 71. Ra3 Ke2 72. Ra7 d2 73.
Re7+ Kd1 74. Re6 Rc8 0-1

[Event "SERBIA CHESS OPEN 2021 - MASTERS"]
[Site "Belgrade, Hotel Metropol"]
[Date "2021.07.03"]
[Round "3.106"]
[White "Arsenovic, Milos"]
[Black "Czerw, Dawid"]
[Result "1/2-1/2"]
[WhiteElo "2181"]
[BlackElo "2306"]
[PlyCount "64"]
[EventDate "2021.??.??"]

1. d4 Nf6 2. c4 e6 3. Nf3 d5 4. Nc3 c6 5. Bg5 Nbd7 6. e3 Qa5 7. cxd5 exd5 8.
Bd3 Ne4 9. O-O Nxg5 10. Nxg5 Nf6 11. e4 dxe4 12. Ngxe4 Nxe4 13. Bxe4 Be6 14.
Qf3 O-O-O 15. Rfd1 Kb8 16. d5 cxd5 17. Bxd5 Bd6 18. Rac1 h5 19. h3 Qa6 20. a4
g5 21. Bxe6 fxe6 22. Qe2 Qxe2 23. Nxe2 Be5 24. b3 Rd5 25. Rxd5 exd5 26. Rd1 Rd8
27. Nd4 Bxd4 28. Rxd4 Kc7 29. f4 gxf4 30. Rxf4 d4 31. Kf2 Kc6 32. Ke2 Rg8
1/2-1/2

[Event "SERBIA CHESS OPEN 2021 - MASTERS"]
[Site "Belgrade, Hotel Metropol"]
[Date "2021.07.03"]
[Round "3.107"]
[White "Efremov, Vladislav"]
[Black "Milikow, Yoav"]
[Result "1/2-1/2"]
[WhiteElo "2173"]
[BlackElo "2301"]
[PlyCount "190"]
[EventDate "2021.??.??"]

1. d4 Nf6 2. c4 g6 3. Nc3 d5 4. cxd5 Nxd5 5. e4 Nxc3 6. bxc3 Bg7 7. Qa4+ Qd7 8.
Bb5 c6 9. Be2 c5 10. Bb5 Nc6 11. Nf3 a6 12. O-O Rb8 13. Bxc6 Qxc6 14. Qxc6+
bxc6 15. Ne5 Bxe5 16. dxe5 O-O 17. Be3 c4 18. f4 f5 19. exf6 exf6 20. Bd4 f5
21. Rae1 Re8 22. Be5 Rb5 23. Rf3 Be6 24. Rfe3 fxe4 25. Rxe4 Bd5 26. R4e2 Kf7
27. Kf2 Be6 28. h3 Bf5 29. g4 Bd3 30. Re3 Rb2+ 31. Kg3 Rxa2 32. Bd6 Rxe3+ 33.
Rxe3 Re2 34. Rxe2 Bxe2 35. Kf2 Bd3 36. g5 Ke6 37. Ba3 Bf5 38. h4 Bd3 39. Ke3
Kf5 40. Bb4 Be4 41. Ba5 Bd5 42. Bc7 Kg4 43. Kd2 Kxh4 44. Kc1 Kg4 45. Kb2 c5 46.
Ka3 Bc6 47. Bd6 Bb5 48. Be5 Kf5 49. Bd6 Ke4 50. Kb2 Bd7 51. Bc7 Bf5 52. Bd6 Kd5
53. Bb8 Be4 54. Ka3 Bc2 55. Kb2 Bf5 56. Ka3 Bd7 57. Kb2 Ke4 58. Bd6 Bf5 59. Bc7
Kd3 60. Be5 Ke3 61. Bd6 Ke4 62. Bb8 Bg4 63. Bc7 Bd1 64. Bb8 Bb3 65. Bc7 a5 66.
Bb8 Ke3 67. Bd6 a4 68. Bc7 Kd3 69. Be5 Bd1 70. Ka3 Ke4 71. Bb8 Bc2 72. Bc7 Kd5
73. Bb8 Ke6 74. Ba7 Kf5 75. Bb8 Kg4 76. Bd6 Bd1 77. Be5 Bb3 78. Bd6 Bc2 79. Be5
Kf3 80. Bd6 Ke3 81. Bc7 Kd3 82. Be5 Ke4 83. Bb8 Kd5 84. Bc7 Ke6 85. Bb8 Ke7 86.
Be5 Kd7 87. Bb8 Ke6 88. Bc7 Kd7 89. Bb8 Kc6 90. Be5 Kb5 91. Bb8 Bf5 92. Be5 Bd7
93. Bb8 Kc6 94. Be5 Kd5 95. Bb8 Ke4 1/2-1/2

[Event "SERBIA CHESS OPEN 2021 - MASTERS"]
[Site "Belgrade, Hotel Metropol"]
[Date "2021.07.03"]
[Round "3.108"]
[White "Ristic, Luka"]
[Black "Janjic, Stefan"]
[Result "1-0"]
[WhiteElo "2300"]
[BlackElo "2191"]
[PlyCount "55"]
[EventDate "2021.??.??"]

1. d4 d5 2. Bf4 Nf6 3. e3 c5 4. c3 Nc6 5. Nd2 cxd4 6. exd4 Bf5 7. Qb3 Qc8 8.
Ngf3 e6 9. Nh4 Be4 10. Nxe4 Nxe4 11. Nf3 Bd6 12. Bxd6 Nxd6 13. Bd3 Qc7 14. O-O
O-O 15. Rfe1 Rfe8 16. Re2 b5 17. Rae1 Rab8 18. Ng5 h6 19. Nxe6 fxe6 20. Rxe6
Nc4 21. Bb1 Qf7 22. Qc2 Kf8 23. Qh7 Nb6 24. Bd3 Qg8 25. Qg6 Na5 26. R1e3 Nd7
27. Rxe8+ Rxe8 28. Qd6+ 1-0

[Event "SERBIA CHESS OPEN 2021 - MASTERS"]
[Site "Belgrade, Hotel Metropol"]
[Date "2021.07.03"]
[Round "3.109"]
[White "Horvat, Damjan"]
[Black "Kostic, Vladimir G"]
[Result "1-0"]
[WhiteElo "2167"]
[BlackElo "2297"]
[PlyCount "55"]
[EventDate "2021.??.??"]

1. e4 c5 2. Nf3 Nc6 3. Bb5 Nd4 4. Nxd4 cxd4 5. c3 Qb6 6. Qe2 e6 7. cxd4 Qxd4 8.
O-O a6 9. Bc4 b5 10. Bb3 Nf6 11. d3 Bb7 12. Be3 Qe5 13. f4 Qb8 14. Nc3 Bb4 15.
a3 Be7 16. e5 Ng8 17. Bd4 Nh6 18. g4 Qc7 19. h3 Bc5 20. Qe3 Bxd4 21. Qxd4 O-O
22. Rac1 Qd8 23. Ne4 Qh4 24. Qe3 Kh8 25. Qg3 Qd8 26. Nd6 f6 27. Nxb7 Qb6+ 28.
Nc5 1-0

[Event "SERBIA CHESS OPEN 2021 - MASTERS"]
[Site "Belgrade, Hotel Metropol"]
[Date "2021.07.03"]
[Round "3.110"]
[White "Klasan, Vladimir"]
[Black "Mihov, Filip"]
[Result "1-0"]
[WhiteElo "2297"]
[BlackElo "2178"]
[PlyCount "135"]
[EventDate "2021.??.??"]

1. e4 c5 2. Nf3 d6 3. Bc4 Nc6 4. c3 Nf6 5. Qe2 Bg4 6. h3 Bxf3 7. Qxf3 g6 8. O-O
a6 9. Bb3 Bg7 10. Rd1 Rc8 11. d3 O-O 12. Be3 b5 13. Qe2 b4 14. Bc4 Qb6 15. Nd2
Na5 16. cxb4 Qxb4 17. a3 Qb7 18. b4 Nxc4 19. Nxc4 cxb4 20. Rab1 b3 21. Nb6 Rc2
22. Rd2 Rc6 23. Rxb3 Nd7 24. Rd1 Nxb6 25. Rdb1 Rb8 26. Rxb6 Rxb6 27. Rxb6 Qc8
28. Qc2 a5 29. Rc6 Qb7 30. Rb6 Qc8 31. Qxc8+ Rxc8 32. Ra6 Bc3 33. Bb6 Kg7 34.
Kf1 f6 35. Bxa5 Bd4 36. Bd2 Rc2 37. Be3 Bxe3 38. fxe3 f5 39. exf5 gxf5 40. a4
h5 41. h4 Kf6 42. Ra8 Ke5 43. Ra5+ d5 44. Ra7 e6 45. Ra6 f4 46. exf4+ Kxf4 47.
Rxe6 Ra2 48. Rd6 Ke3 49. Kg1 Rxa4 50. Rxd5 Rxh4 51. Re5+ Kxd3 52. Kf2 Kd4 53.
Ra5 Rh1 54. g3 Rh2+ 55. Kf3 Rh1 56. Kg2 Rb1 57. Rxh5 Ke4 58. Kh3 Rb8 59. Kg4
Rf8 60. Rg5 Rh8 61. Rg7 Ke5 62. Kg5 Ke4 63. g4 Kf3 64. Rf7+ Kg3 65. Kf5 Kh4 66.
g5 Kh5 67. g6 Kh6 68. Kf6 1-0

[Event "SERBIA CHESS OPEN 2021 - MASTERS"]
[Site "Belgrade, Hotel Metropol"]
[Date "2021.07.03"]
[Round "3.111"]
[White "Fernandez Lledo, Javier"]
[Black "Ufimtsev, Egor"]
[Result "0-1"]
[WhiteElo "2288"]
[BlackElo "2168"]
[PlyCount "46"]
[EventDate "2021.??.??"]

1. e4 c5 2. Ne2 Nc6 3. g3 d5 4. Bg2 dxe4 5. Nbc3 Nf6 6. Nxe4 Nxe4 7. Bxe4 Qc7
8. d3 Bg4 9. h3 Bd7 10. Be3 e5 11. g4 O-O-O 12. Nc3 Be6 13. Qf3 Nd4 14. Bxd4
cxd4 15. Ne2 h5 16. gxh5 Bb4+ 17. Kf1 Qd7 18. Ng3 g6 19. hxg6 fxg6 20. Bxg6
Rdf8 21. Qe2 Rhg8 22. Qh5 Qg7 23. Bf5 Bxf5 0-1

[Event "SERBIA CHESS OPEN 2021 - MASTERS"]
[Site "Belgrade, Hotel Metropol"]
[Date "2021.07.03"]
[Round "3.112"]
[White "Caputcuoglu, Zeki Berke"]
[Black "Sredojevic, Ivan"]
[Result "1/2-1/2"]
[WhiteElo "2138"]
[BlackElo "2284"]
[PlyCount "103"]
[EventDate "2021.??.??"]

1. e4 d6 2. d4 Nf6 3. Nc3 e5 4. Nf3 Nbd7 5. g4 g6 6. g5 Nh5 7. Be3 Bg7 8. Qd2
O-O 9. O-O-O c6 10. dxe5 dxe5 11. Bh3 Qa5 12. Kb1 Nb6 13. Bxc8 Nc4 14. Qd3 Qb4
15. b3 Nxe3 16. Qxe3 Rfxc8 17. Rd7 Re8 18. Ne2 Bf8 19. Nd2 Rad8 20. Rxd8 Rxd8
21. Nc4 Nf4 22. Nxe5 Nxe2 23. Qxe2 Qc3 24. Nd3 Ba3 25. e5 c5 26. e6 c4 27.
exf7+ Kf8 28. Qe5 Qxe5 29. Nxe5 b5 30. bxc4 bxc4 31. Nxc4 Rb8+ 32. Ka1 Bc5 33.
a3 Bxf2 34. Ka2 Bh4 35. Rg1 Rb5 36. Nd6 Rd5 37. Ne4 Kxf7 38. Kb3 Ke6 39. Rg4
Be1 40. Nf6 Re5 41. Nxh7 Re3+ 42. Kb2 Kf5 43. Rg2 Re7 44. Nf6 Rb7+ 45. Kc1 Bh4
46. Nd5 Bxg5+ 47. Kd1 Rb1+ 48. Ke2 Rb5 49. Nb4 Re5+ 50. Kd1 Ra5 51. Rf2+ Ke4
52. Rg2 1/2-1/2

[Event "SERBIA CHESS OPEN 2021 - MASTERS"]
[Site "Belgrade, Hotel Metropol"]
[Date "2021.07.03"]
[Round "3.113"]
[White "Marn, Jan"]
[Black "Teuschler, Barbara"]
[Result "1-0"]
[WhiteElo "2280"]
[BlackElo "2148"]
[PlyCount "77"]
[EventDate "2021.??.??"]

1. d4 Nf6 2. c4 b6 3. Nc3 Bb7 4. d5 e6 5. a3 Bd6 6. g3 O-O 7. Bg2 c6 8. dxc6
dxc6 9. Nf3 Qe7 10. O-O Rd8 11. Qc2 a6 12. Rd1 c5 13. b3 Nc6 14. Bb2 Ne5 15.
Na4 Nxf3+ 16. Bxf3 Bxf3 17. exf3 Bc7 18. Bxf6 Qxf6 19. Qe4 Rab8 20. b4 cxb4 21.
axb4 g6 22. Rac1 Kg7 23. Kg2 h5 24. h4 a5 25. b5 Bd6 26. Rd3 Bb4 27. Rcd1 Rxd3
28. Rxd3 Qa1 29. Rd7 Bc3 30. Qxe6 Rf8 31. Nxc3 Qxc3 32. Qxb6 Qxc4 33. Qxa5 Rb8
34. Qa1+ Kg8 35. Qe5 Qc8 36. Qd5 Qe8 37. b6 Qe6 38. Qxe6 fxe6 39. b7 1-0

[Event "SERBIA CHESS OPEN 2021 - MASTERS"]
[Site "Belgrade, Hotel Metropol"]
[Date "2021.07.03"]
[Round "3.114"]
[White "Dolgun, Can"]
[Black "Tanmay, Chopra"]
[Result "0-1"]
[WhiteElo "2133"]
[BlackElo "2273"]
[PlyCount "34"]
[EventDate "2021.??.??"]

1. e4 c5 2. Nf3 d6 3. Bb5+ Nd7 4. d4 cxd4 5. Qxd4 a6 6. Bxd7+ Qxd7 7. Nc3 e5 8.
Qd3 Qc6 9. Be3 Be6 10. O-O-O Nf6 11. h3 Bc4 12. Qd2 b5 13. b3 Be6 14. Qd3 Qc7
15. Kb2 b4 16. Nd5 Bxd5 17. exd5 Qb7 0-1

[Event "SERBIA CHESS OPEN 2021 - MASTERS"]
[Site "Belgrade, Hotel Metropol"]
[Date "2021.07.03"]
[Round "3.115"]
[White "Debevec, Blaz"]
[Black "Milikow, Elie"]
[Result "1/2-1/2"]
[WhiteElo "2135"]
[BlackElo "2270"]
[PlyCount "83"]
[EventDate "2021.??.??"]

1. e4 c5 2. Nf3 Nc6 3. d4 cxd4 4. Nxd4 e5 5. Nb5 d6 6. c4 Be6 7. N1c3 a6 8. Na3
g6 9. Be2 Bg7 10. O-O Nf6 11. Nc2 Rc8 12. Kh1 O-O 13. Ne3 Nd4 14. Bd3 h5 15.
Ned5 Bxd5 16. Nxd5 Nxd5 17. cxd5 Qc7 18. Be3 Nc2 19. Bxc2 Qxc2 20. Qxc2 Rxc2
21. Rab1 f5 22. Rfc1 Rfc8 23. Kg1 Kh7 24. Kf1 Bh6 25. Bxh6 Kxh6 26. Rxc2 Rxc2
27. exf5 gxf5 28. Ke1 Kg5 29. a4 e4 30. b4 f4 31. a5 e3 32. fxe3 fxe3 33. b5
Rxg2 34. bxa6 bxa6 35. Rb6 Kf4 36. Rxd6 Ke4 37. Rb6 Rb2 38. Rb8 Rb1+ 39. Ke2
Rb2+ 40. Ke1 Kd3 41. Rb3+ Ke4 42. Rb8 1/2-1/2

[Event "SERBIA CHESS OPEN 2021 - MASTERS"]
[Site "Belgrade, Hotel Metropol"]
[Date "2021.07.03"]
[Round "3.116"]
[White "Djokic, Mihailo"]
[Black "Belke, Frank"]
[Result "1-0"]
[WhiteElo "2129"]
[BlackElo "2269"]
[PlyCount "95"]
[EventDate "2021.??.??"]

1. e4 e6 2. d4 d5 3. Nc3 Bb4 4. e5 Qd7 5. Qg4 f5 6. Qg3 b6 7. Nf3 Ba6 8. Bxa6
Nxa6 9. O-O h6 10. h4 Bxc3 11. bxc3 Kf7 12. h5 Ne7 13. Nh4 Rac8 14. a4 c5 15.
Qd3 Nb8 16. dxc5 bxc5 17. f4 Rhf8 18. Be3 Qc6 19. Rfb1 Nd7 20. Kh2 Rb8 21. Rg1
Rb2 22. Bc1 Rb7 23. g4 Ke8 24. g5 hxg5 25. Rxg5 Rh8 26. Qe2 Rh7 27. Bd2 Nf8 28.
Kg3 Ng8 29. Ng6 Nxg6 30. Rxg6 Nh6 31. a5 Kf7 32. Qd3 Qb5 33. Rg5 Rh8 34. Be3 a6
35. c4 dxc4 36. Qd6 Rd7 37. Qxc5 Qxc5 38. Bxc5 Rc8 39. Bd6 Rb7 40. Ra4 Ng4 41.
Kf3 Rd8 42. Ra1 Rb1 43. Ra4 Rc8 44. Rb4 Rxb4 45. Bxb4 c3 46. h6 gxh6 47. Rh5
Rc4 48. Bd6 1-0

[Event "SERBIA CHESS OPEN 2021 - MASTERS"]
[Site "Belgrade, Hotel Metropol"]
[Date "2021.07.03"]
[Round "3.117"]
[White "Granovskiy, Alexandr"]
[Black "Ozkan, Ervin"]
[Result "1-0"]
[WhiteElo "2255"]
[BlackElo "2147"]
[PlyCount "78"]
[EventDate "2021.??.??"]

1. d4 d5 2. Nf3 Nf6 3. c4 c6 4. Qc2 dxc4 5. Qxc4 Bf5 6. g3 e6 7. Bg2 Nbd7 8.
O-O Be7 9. Nc3 O-O 10. e3 h6 11. Qe2 Ne4 12. Nd2 Nxd2 13. Qxd2 Nf6 14. e4 Bh7
15. Rd1 Qc7 16. Qe2 Rfe8 17. Bf4 Qb6 18. Be3 Bb4 19. f3 e5 20. dxe5 Bc5 21.
exf6 Bxe4 22. Kh1 Bd4 23. fxg7 Kxg7 24. Rd2 Rad8 25. Rad1 Bf6 26. Bh3 Rxd2 27.
Rxd2 Qc5 28. Qd1 Bxc3 29. bxc3 Qxc3 30. Rd7 b5 31. Rd3 Qb2 32. Rd2 Qc3 33. Kg2
c5 34. Bg4 Re7 35. h4 c4 36. h5 Rc7 37. Rd8 Qf6 38. Rd6 Qe5 39. Rd5 Qf6 1-0

[Event "SERBIA CHESS OPEN 2021 - MASTERS"]
[Site "Belgrade, Hotel Metropol"]
[Date "2021.07.03"]
[Round "3.118"]
[White "Vasic, Vladimir"]
[Black "Azaric, Slavko"]
[Result "1/2-1/2"]
[WhiteElo "2119"]
[BlackElo "2254"]
[PlyCount "94"]
[EventDate "2021.??.??"]

1. e4 d6 2. d4 Nf6 3. Nc3 e5 4. dxe5 dxe5 5. Qxd8+ Kxd8 6. Bg5 Nbd7 7. O-O-O c6
8. Bc4 Ke8 9. f3 Be7 10. a4 a5 11. Nge2 Nb6 12. Bb3 Nfd7 13. Be3 Bc5 14. Rd3
Bxe3+ 15. Rxe3 Nc5 16. f4 Nxb3+ 17. cxb3 Be6 18. Kc2 f6 19. f5 Bf7 20. Nc1 Ke7
21. Nd3 Nd7 22. Rd1 Rhd8 23. g4 h5 24. h3 hxg4 25. hxg4 Rh8 26. Rg1 Rh2+ 27.
Re2 Rah8 28. Rgg2 R2h3 29. Rd2 Rf3 30. g5 Rhh3 31. gxf6+ gxf6 32. Rg7 Rfg3 33.
Rxf7+ Kxf7 34. Nf2 Nc5 35. Nxh3 Rxh3 36. Rg2 Rh4 37. Re2 Ke7 38. Rg2 Kf7 39.
Re2 Ke8 40. Re3 Kd8 41. Re2 Kc7 42. Rg2 Nxe4 43. Nxe4 Rxe4 44. Rg6 Kb6 45. Rxf6
Rf4 46. Rf7 Rf3 47. f6 c5 1/2-1/2

[Event "SERBIA CHESS OPEN 2021 - MASTERS"]
[Site "Belgrade, Hotel Metropol"]
[Date "2021.07.03"]
[Round "3.119"]
[White "Juvan, Jaka"]
[Black "Unat, Can Haktan"]
[Result "0-1"]
[WhiteElo "2252"]
[BlackElo "2130"]
[PlyCount "72"]
[EventDate "2021.??.??"]

1. e4 e5 2. Nf3 Nc6 3. Bb5 a6 4. Ba4 Nf6 5. O-O Nxe4 6. d4 exd4 7. Re1 d5 8. c4
Bb4 9. cxd5 Bxe1 10. Qxe1 O-O 11. Bxc6 Nc5 12. Qd1 Bg4 13. Bxb7 Rb8 14. Nbd2
Rxb7 15. b4 Nd3 16. h3 Bh5 17. a3 c5 18. Nc4 Nxc1 19. Na5 Rc7 20. Rxc1 cxb4 21.
Nc6 Bxf3 22. Qxf3 Qg5 23. Rc4 bxa3 24. Qxa3 Qxd5 25. Rxd4 Qe6 26. Qc5 Rfc8 27.
Rd6 Qe4 28. Rd4 Qe6 29. Rd6 Qe4 30. Qd4 Qxd4 31. Nxd4 a5 32. Rd5 Rc5 33. Rd7 g6
34. Nb3 R5c7 35. Rd5 Ra8 36. Rb5 Rc1+ 0-1

[Event "SERBIA CHESS OPEN 2021 - MASTERS"]
[Site "Belgrade, Hotel Metropol"]
[Date "2021.07.03"]
[Round "3.120"]
[White "Karacsonyi, Kata"]
[Black "Zivkovic, Sava"]
[Result "1/2-1/2"]
[WhiteElo "2107"]
[BlackElo "2251"]
[PlyCount "76"]
[EventDate "2021.??.??"]

1. e4 c5 2. Nf3 Nc6 3. d4 cxd4 4. Nxd4 g6 5. c4 Bg7 6. Be3 Nf6 7. Nc3 O-O 8.
Be2 d6 9. f3 Bd7 10. Qd2 Nxd4 11. Bxd4 a5 12. h4 a4 13. h5 Qa5 14. g4 Be6 15.
Kf2 h6 16. Be3 g5 17. Rag1 a3 18. b4 Qxb4 19. Bd4 Nd7 20. Bxg7 Kxg7 21. f4 f6
22. Kg2 gxf4 23. Rb1 f3+ 24. Kxf3 Qa5 25. Rxb7 Rab8 26. Rb5 Ne5+ 27. Kg3 Nxc4
28. Rc5 Nxd2 29. Rc7 Kf7 30. Kf4 Rfc8 31. Rxc8 Rxc8 32. Nb5 Rc2 33. Ra1 Bxa2
34. Nxa3 Rb2 35. Nb5 Bc4 36. Bxc4+ Nxc4 37. Nc3 Rc2 38. Nd5 Ne5 1/2-1/2

[Event "SERBIA CHESS OPEN 2021 - MASTERS"]
[Site "Belgrade, Hotel Metropol"]
[Date "2021.07.03"]
[Round "3.121"]
[White "Defromont, Benjamin"]
[Black "Tyurin, Artem"]
[Result "1/2-1/2"]
[WhiteElo "2246"]
[BlackElo "2106"]
[PlyCount "71"]
[EventDate "2021.??.??"]

1. e4 c6 2. d4 d5 3. Nd2 dxe4 4. Nxe4 Nf6 5. Nxf6+ exf6 6. c3 Bd6 7. Bd3 O-O 8.
Ne2 Na6 9. Qc2 g6 10. h4 h5 11. O-O f5 12. Bg5 Be7 13. Bxe7 Qxe7 14. g3 Nc7 15.
Rfe1 Qd6 16. Qd2 c5 17. Qh6 Ne6 18. Bxf5 Nxd4 19. Nxd4 cxd4 20. Bxc8 Raxc8 21.
Rad1 Qb6 22. cxd4 Qxb2 23. d5 Rcd8 24. d6 Qb4 25. Re6 Qg4 26. Ree1 Qb4 27. Rb1
Qxd6 28. Rxb7 Rfe8 29. Qc1 Rxe1+ 30. Qxe1 a6 31. Qc3 Qd4 32. Qxd4 Rxd4 33. Rb2
Ra4 34. Kg2 Kg7 35. Kf3 Kf6 36. Ke3 1/2-1/2

[Event "SERBIA CHESS OPEN 2021 - MASTERS"]
[Site "Belgrade, Hotel Metropol"]
[Date "2021.07.03"]
[Round "3.122"]
[White "Maksimenko, Viktor"]
[Black "Korkmaz, Necmettin"]
[Result "1-0"]
[WhiteElo "2239"]
[BlackElo "2101"]
[PlyCount "81"]
[EventDate "2021.??.??"]

1. Nf3 d5 2. g3 Nf6 3. Bg2 c6 4. d3 h6 5. O-O Bf5 6. c4 e6 7. Qb3 Qb6 8. cxd5
exd5 9. Nc3 Nbd7 10. Qc2 Be7 11. e4 dxe4 12. dxe4 Bh7 13. Be3 Qa5 14. h3 O-O
15. Nd2 Nd5 16. Nxd5 cxd5 17. Qb3 d4 18. Nc4 Qc5 19. Bd2 b5 20. Na5 b4 21. Qd5
Qxd5 22. exd5 Bc5 23. Rac1 Rab8 24. Rfe1 Rb5 25. Nc6 d3 26. b3 a5 27. Ra1 Nb8
28. Ne5 Bd4 29. Rac1 Bb2 30. Rc4 f6 31. Nc6 Nd7 32. d6 Nb6 33. Ne7+ Kh8 34. Rc7
Rd8 35. Nc6 Rxd6 36. Re8+ Bg8 37. Ne7 Re5 38. Rxg8+ Kh7 39. Rxg7+ Kxg7 40. Nf5+
Kg6 41. Nh4+ 1-0

[Event "SERBIA CHESS OPEN 2021 - MASTERS"]
[Site "Belgrade, Hotel Metropol"]
[Date "2021.07.03"]
[Round "3.123"]
[White "Kalogridis, Antonios"]
[Black "Strugnell, Carl"]
[Result "1-0"]
[WhiteElo "2080"]
[BlackElo "2229"]
[PlyCount "57"]
[EventDate "2021.??.??"]

1. d4 Nf6 2. c4 e6 3. Nc3 Bb4 4. e3 O-O 5. Bd3 d5 6. Nf3 c5 7. O-O dxc4 8. Bxc4
Nc6 9. a3 Bxc3 10. bxc3 Qc7 11. Bb2 e5 12. h3 e4 13. Nd2 Re8 14. Ba2 Bf5 15. f4
Rad8 16. Qe2 b5 17. dxc5 Nd7 18. c4 Nxc5 19. cxb5 Na5 20. Rac1 Nab7 21. Nb3 Qe7
22. Nd4 Rxd4 23. Bxd4 Nd3 24. Rc3 Nd6 25. a4 h6 26. g4 Bc8 27. Kh2 Qh4 28. Qg2
Kh7 29. Bxa7 1-0

[Event "SERBIA CHESS OPEN 2021 - MASTERS"]
[Site "Belgrade, Hotel Metropol"]
[Date "2021.07.03"]
[Round "3.124"]
[White "Blagojevic, Tijana"]
[Black "Herega, Nejc"]
[Result "1-0"]
[WhiteElo "2222"]
[BlackElo "2099"]
[PlyCount "61"]
[EventDate "2021.??.??"]

1. e4 c5 2. Nf3 Nc6 3. Bb5 e5 4. Bxc6 dxc6 5. d3 Bd6 6. Nbd2 Ne7 7. Nc4 f6 8.
Nxd6+ Qxd6 9. h3 Be6 10. b3 h5 11. Be3 g5 12. Qd2 Ng6 13. Qc3 b6 14. h4 Nf4 15.
Rh2 g4 16. Nd2 Ng6 17. Rh1 Ne7 18. a3 f5 19. Bg5 Ng6 20. exf5 Bxf5 21. Nc4 Qc7
22. O-O-O O-O 23. Rde1 Rae8 24. g3 b5 25. Nd2 b4 26. axb4 cxb4 27. Qxb4 a5 28.
Qa4 c5 29. Nc4 e4 30. Nd2 exd3 31. Rxe8 1-0

[Event "SERBIA CHESS OPEN 2021 - MASTERS"]
[Site "Belgrade, Hotel Metropol"]
[Date "2021.07.03"]
[Round "3.125"]
[White "Kostov, Deyan Samuil"]
[Black "Jordanov, Mihail"]
[Result "1/2-1/2"]
[WhiteElo "2215"]
[BlackElo "2082"]
[PlyCount "116"]
[EventDate "2021.??.??"]

1. d4 Nf6 2. Bg5 e6 3. e4 h6 4. Bxf6 Qxf6 5. c3 d6 6. Bd3 g6 7. Ne2 e5 8. O-O
Bg7 9. f4 exf4 10. Nxf4 O-O 11. Nd2 Nc6 12. Qb3 Kh7 13. Qc2 Qg5 14. Rae1 f5 15.
Nh3 Qh4 16. Nf3 Qd8 17. exf5 Bxf5 18. Bxf5 Rxf5 19. Re6 Qf8 20. Rfe1 Rf6 21.
R6e3 Rd8 22. Nf2 Rd7 23. Ne4 Rf5 24. Ng3 Rf4 25. Qb3 Nd8 26. Qa4 Nc6 27. Qb5
Qc8 28. Qb3 Rd8 29. Re6 Rdf8 30. Qd5 Qd7 31. R6e3 a6 32. Qb3 Qc8 33. Qc2 Qd7
34. Qd3 Qf7 35. a4 Qd5 36. h4 Rg4 37. Ne4 Qf5 38. Nf2 Qxd3 39. Nxd3 Bf6 40. Nf2
Rf4 41. g3 Rf5 42. Ne4 Bg7 43. Kg2 Ne7 44. Ned2 Nd5 45. Re8 Kg8 46. Rxf8+ Kxf8
47. Nc4 Rf7 48. Re6 Re7 49. Rxe7 Kxe7 50. Kf2 b5 51. axb5 axb5 52. Ne3 Ke6 53.
Nd2 c5 54. dxc5 dxc5 55. Ne4 Nxe3 56. Kxe3 Kd5 57. g4 Be5 58. h5 gxh5 1/2-1/2